Statistics for Bundesliga Champions

Click here to take the quiz!

General Stats

  • This quiz has been taken 42 times
  • The average score is 9 of 12

Answer Stats

Answer% Correct
Borussia Dortmund
100%
FC Bayern Munich
100%
Hamburger Sport-Verein
95%
VfB Stuttgart
90%
SV Werder Bremen
88%
Borussia Mönchengladbach
85%
VfL Wolfsburg
85%
1. FC Köln
83%
1. FC Kaiserslautern
66%
1. FC Nürnberg
56%
TSV 1860 München
44%
Eintracht Braunschweig
39%

Score Distribution

Percentile by Number Answered

Percent of People with Each Score

Your Score History

You have not taken this quiz